To reserch on activitiess of fish products distribution centre in phnom penh, ការស្រាវជ្រាវសកម្មភាពមណ្ឌល បែងចែកផលនេសាទក្នុងរាជធានីភ្នំពេញ (Record no. 3756)
[ view plain ]
| 000 -LEADER | |
|---|---|
| fixed length control field | 00612nam a22001577a 4500 |
| 003 - CONTROL NUMBER IDENTIFIER | |
| control field | OSt |
| 005 - DATE AND TIME OF LATEST TRANSACTION | |
| control field | 20151130151324.0 |
| 008 - FIXED-LENGTH DATA ELEMENTS--GENERAL INFORMATION | |
| fixed length control field | 151130b xxu||||| |||| 00| 0 eng d |
| 040 ## - CATALOGING SOURCE | |
| Transcribing agency | RUA |
| 082 ## - DEWEY DECIMAL CLASSIFICATION NUMBER | |
| Classification number | FIS OUC 1996 B163 Or.1 |
| 100 ## - MAIN ENTRY--PERSONAL NAME | |
| 9 (RLIN) | 4037 |
| Personal name | OUCH, HUOCH. |
| 245 ## - TITLE STATEMENT | |
| Title | To reserch on activitiess of fish products distribution centre in phnom penh, ការស្រាវជ្រាវសកម្មភាពមណ្ឌល បែងចែកផលនេសាទក្នុងរាជធានីភ្នំពេញ |
| 260 ## - PUBLICATION, DISTRIBUTION, ETC. (IMPRINT) | |
| Place of publication, distribution, etc. | Phnom Penh |
| Name of publisher, distributor, etc. | RUA |
| Date of publication, distribution, etc. | 1996 |
| 300 ## - PHYSICAL DESCRIPTION | |
| Extent | 62p. |
| Other physical details | ill. |
| Dimensions | 29cm. |
| 942 ## - ADDED ENTRY ELEMENTS (KOHA) | |
| Source of classification or shelving scheme | |
| Koha item type | FIS |
| Price effective from | Date last seen | Permanent Location | Not for loan | Date acquired | Source of classification or shelving scheme | Koha item type | Barcode | Lost status | Damaged status | Shelving location | Withdrawn status | Current Location | Full call number |
|---|---|---|---|---|---|---|---|---|---|---|---|---|---|
| 2015-11-30 | 2015-11-30 | Library Block B | 2015-11-30 | FIS | RUA012561 | B163 | Library Block B | FIS OUC 1996 B163 Or.1 | |||||
| 2015-11-30 | 2015-11-30 | Library Block B | 2015-11-30 | FIS | RUA012791 | B163 | Library Block B | FIS OUC 1996 B163 Or.2 | |||||
| 2015-11-30 | 2015-11-30 | Library Block B | 2015-11-30 | FIS | RUA012714 | B163 | Library Block B | FIS OUC 1996 B163 Or.3 | |||||
| 2015-11-30 | 2015-11-30 | Library Block B | 2015-11-30 | FIS | RUA012642 | B163 | Library Block B | FIS OUC 1996 B163 Or.4 | |||||
| 2015-11-30 | 2015-11-30 | Library Block B | 2015-11-30 | FIS | RUA012633 | B163 | Library Block B | FIS OUC 1996 B163 Or.5 | |||||
| 2015-11-30 | 2015-11-30 | Library Block B | 2015-11-30 | FIS | RUA012574 | B163 | Library Block B | FIS OUC 1996 B163 Or.6 | |||||
| 2015-11-30 | 2015-11-30 | Library Block B | 2015-11-30 | FIS | RUA012502 | B163 | Library Block B | FIS OUC 1996 B163 Or.7 | |||||
| 2015-11-30 | 2015-11-30 | Library Block B | 2015-11-30 | FIS | RUA012358 | B163 | Library Block B | FIS OUC 1996 B163 Or.8 |